| 000 | 00889 a2200229 4500 | ||
|---|---|---|---|
| 999 |
_c284 _d284 |
||
| 020 | _a9780803977358 | ||
| 050 | 0 | 0 | _aBF121 SMI 1996 |
| 100 |
_aSmith, Jonathan A _eeditor |
||
| 245 | 0 | 0 |
_aRethinking psychology / _c |
| 264 |
_aNew Delhi: _bSage, _c1996 |
||
| 300 | _aviii, 246 p. : | ||
| 500 | _aIncludes index | ||
| 504 | _aIncludes bibliographical references. | ||
| 650 | 0 | _aPsychology. | |
| 700 | 1 |
_aSmith, Jonathan A. _eeditor |
|
| 700 | 1 |
_a _eeditor |
|
| 700 | 1 |
_aLangenhove, Luk van _eeditor |
|
| 856 | 4 | 2 |
_3Publisher description _uhttp://www.loc.gov/catdir/enhancements/fy0656/95070197-d.html |
| 856 | 4 | 1 |
_3Table of contents only _uhttp://www.loc.gov/catdir/enhancements/fy0656/95070197-t.html |
| 942 |
_2lcc _cBK _h121 _iSMI _kBF |
||